Investigar en derecho (Registro nro. 1690)

Detalles MARC
000 -LEADER
fixed length control field 00949 a2200229 4500
001 - CONTROL NUMBER
control field 28280
005 - DATE AND TIME OF LATEST TRANSACTION
control field 20260407155555.0
008 - FIXED-LENGTH DATA ELEMENTS--GENERAL INFORMATION
fixed length control field 260407a2014 arg spa d
003 - CONTROL NUMBER IDENTIFIER
control field AR-UNSa-BCEJYS
040 ## - CATALOGING SOURCE
Original cataloging agency AR-UNSa-BCEJYS
Language of cataloging spa
Transcribing agency AR-UNSa-BCEJYS
080 ## - UNIVERSAL DECIMAL CLASSIFICATION NUMBER
Universal Decimal Classification number 001.8
Common auxiliary subdivision Metodología. Estudio general del método. Procedimientos científicos y técnicos para el estudio, La investigación y la discusión
020 ## - INTERNATIONAL STANDARD BOOK NUMBER
International Standard Book Number 978-950-23-2379-4
100 1# - MAIN ENTRY--PERSONAL NAME
Personal name Kunz, Ana
245 10 - TITLE STATEMENT
Title Investigar en derecho
264 #1 - PRODUCTION, PUBLICATION, DISTRIBUTION, MANUFACTURE, AND COPYRIGHT NOTICE
Place of production, publication, distribution, manufacture Buenos Aires :
Name of producer, publisher, distributor, manufacturer EUDEBA (Editorial Universitaria de Buenos Aires)
Date of production, publication, distribution, manufacture, or copyright notice 2014
300 ## - PHYSICAL DESCRIPTION
Extent 181 p.
Dimensions 23 cm.
505 ## - FORMATTED CONTENTS NOTE
Formatted contents note 1. Descubrir - 2. Explicar - 3. Comprender - 4. Criticar - 5. Medir - 6. Interpretar - 7. Defender
590 ## - LOCAL NOTE (RLIN)
Local note niveau_biblio:m niveau_hierar:0
700 1# - ADDED ENTRY--PERSONAL NAME
Personal name Cardinaux, Nancy
856 41 - ELECTRONIC LOCATION AND ACCESS
Uniform Resource Identifier <a href="https://biblioeco.unsa.edu.ar/pmb/images/libros/Investigar en Derecho-l125007.jpg">https://biblioeco.unsa.edu.ar/pmb/images/libros/Investigar en Derecho-l125007.jpg</a>
Link text Imagen de portada
Electronic format type image/jpeg
942 ## - ADDED ENTRY ELEMENTS (KOHA)
Koha item type
Existencias
Withdrawn status Lost status Damaged status Not for loan Home library Current library Shelving location Date acquired Total checkouts Full call number Barcode Date last seen Price effective from Koha item type
        Biblioteca Prof. Eusebio Cleto del Rey Biblioteca Prof. Eusebio Cleto del Rey   07/04/2026   001.8 K95 L125007 07/04/2026 07/04/2026 Libro